Every The Office Character By Actor Quiz - Statistics

General Stats
  • This quiz has been taken 14 times
    6 since last reset
  • The average score is 20 of 25
Answer Stats
Hint Answer % Correct
Ed Helms Andy
100%
Angela Kinsey Angela
100%
Creed Bratton Creed
100%
Rainn Wilson Dwight
100%
John Krasinski Jim
100%
Mindy Kaling Kelly
100%
Steve Carell Michael
100%
Oscar Nunez Oscar
100%
Jenna Fischer Pam
100%
Phyllis Smith Phyllis
100%
Paul Lieberstein Toby
100%
Brian Baumgartner Kevin
83%
Kate Flannery Meredith
83%
BJ Novak Ryan
83%
Craig Robinson Darryl
67%
Andy Buckley David
67%
Ellie Kemper Erin
67%
Melora Hardin Jan
67%
Rashida Jones Karen
67%
Leslie David Baker Stanley
67%
Zach Woods Gabe
50%
James Spader Robert
50%
Catherine Tate Nellie
33%
David Denman Roy
33%
David Koechner Todd
33%
No matching quizzes found
Score Distribution
Percent of People with Each Score
Percentile by Number Answered
Your Score History
You have not taken this quiz since the last reset